| Tag |
First Indicator |
Second Indicator |
Subfields |
| LEADER |
00000cam a2200000 a 4500 |
| 001 |
in00001782213 |
| 005 |
20151025114521.0 |
| 008 |
961220s1996 gw a b 000 0 eng d |
| 010 |
|
|
|a 97202537
|
| 035 |
|
|
|a (OCoLC)ocm36169920
|
| 040 |
|
|
|a CU
|c DLC
|d TXA
|d UtOrBLW
|
| 041 |
0 |
|
|a eng
|b ger
|
| 042 |
|
|
|a lccopycat
|
| 043 |
|
|
|a n-gl---
|
| 049 |
|
|
|a TXAM
|
| 050 |
0 |
4 |
|a GB2596.5
|b .T49 1996
|
| 082 |
0 |
0 |
|a 551.31/0998/2
|2 21
|
| 090 |
|
|
|a G575
|b .B47 Nr.205
|
| 100 |
0 |
|
|a Þorsteinn Þorsteinsson.
|
| 245 |
1 |
0 |
|a Textures and fabrics in the GRIP ice core, in relation to climate history and ice deformation /
|c Thorsteinn Thorsteinsson.
|
| 264 |
|
1 |
|a Bremerhaven :
|b Alfred-Wegener-Institut für Polar- und Meeresforschung ;
|a Bremen :
|b Vertrieb durch K. Kamloth,
|c [1996]
|
| 300 |
|
|
|a 146 pages :
|b illustrations ;
|c 24 cm.
|
| 336 |
|
|
|a text
|b txt
|2 rdacontent
|
| 337 |
|
|
|a unmediated
|b n
|2 rdamedia
|
| 338 |
|
|
|a volume
|b nc
|2 rdacarrier
|
| 490 |
1 |
|
|a Berichte zur Polarforschung,
|x 0176-5027 =
|a Reports on polar research ;
|v 205
|
| 500 |
|
|
|a Originally presented as the author's thesis (doctoral)--Universität Bremen, 1996.
|
| 500 |
|
|
|a Abstract also in German.
|
| 504 |
|
|
|a Includes bibliographical references (pages 137-146).
|
| 650 |
|
0 |
|a Ice
|z Greenland.
|
| 650 |
|
0 |
|a Ice crystals
|x Growth.
|
| 830 |
|
0 |
|a Berichte zur Polarforschung ;
|v Nr. 205.
|
| 948 |
|
|
|a cataloged
|b h
|c 2003/10/29
|d c
|e jgreene
|f 12:57:15 pm
|
| 994 |
|
|
|a E0
|b TXA
|
| 999 |
|
|
|a MARS
|
| 999 |
f |
f |
|s 6efc3bf3-4046-34e1-86fd-660b4c53931e
|i 445545e1-fda4-34cc-9210-74941a183414
|t 0
|
| 952 |
f |
f |
|p ric
|a Texas A&M University
|b Rellis Campus
|c Joint Library Facility
|d Remote Storage
|t 0
|e G575 .B47 Nr.205
|h Library of Congress classification
|i unmediated -- volume
|m A14830751557
|
| 998 |
f |
f |
|a G575 .B47 Nr.205
|t 0
|l Remote Storage
|